000
00259nam a2200109Ia 4500
008
190216s9999||||xx |||||||||||||| ||und||
100
_a
Kuttikrishna Marar
245
0
_a
Hasya Sahithyam
260
_b
Marar Sahithya Prakasam
650
_a
Lekhanam
942
_c
BK
999
_c
26104
_d
26104